[Event "Mondiale Lampo FIDE 2017"]
[Site "Riyadh"]
[Date "30.12.2017"]
[Round "14.31"]
[White "Grigoriants, Sergey"]
[Black "Georgiev, Kiril"]
[Result "1-0"]
[WhiteTitle "GM"]
[BlackTitle "GM"]
[WhiteElo "2561"]
[BlackElo "2623"]
[WhiteFideId "4130804"]
[BlackFideId "2900017"]
[EventDate "2017.12.29"]

1. c4 Nf6 2. Nc3 e5 3. Nf3 Nc6 4. a3 g6 5. d3 Bg7 6. g3 O-O 7. Bg2 a5 8. O-O d6
9. Rb1 h6 10. b4 axb4 11. axb4 Be6 12. Nd2 d5 13. b5 Ne7 14. Bb2 c6 15. bxc6
bxc6 16. Qc2 Nf5 17. Na4 Nd7 18. e4 Ne7 19. Ba3 d4 20. f4 exf4 21. gxf4 f5 22.
Rb7 Rf7 23. Nc5 Nf8 24. Nxe6 Nxe6 25. Bxe7 Rxe7 26. Rxe7 Qxe7 27. exf5 gxf5 28.
Bxc6 Ra6 29. Bd5 Kh7 30. Re1 Qd7 31. Bxe6 Rxe6 32. Rxe6 Qxe6 33. Nf1 Bf8 34. Qg2
Bd6 35. Qc6 Qg6+ 36. Kf2 h5 37. Qf3 Kh6 38. Ng3 h4 39. Ne2 Bb4 40. Qa8 Qg7 41.
Qc6+ Kh7 42. Qd5 Qg4 43. Qb7+ Kh6 44. Qxb4 h3 45. Qf8+ Kh7 46. Qe7+ Kg6 47. Qg5+ 1-0

[Event "Mondiale Lampo FIDE 2017"]
[Site "Riyadh"]
[Date "30.12.2017"]
[Round "14.33"]
[White "Pantsulaia, Levan"]
[Black "Ponkratov, Pavel"]
[Result "1-0"]
[WhiteTitle "GM"]
[BlackTitle "GM"]
[WhiteElo "2612"]
[BlackElo "2613"]
[WhiteFideId "13602071"]
[BlackFideId "4157800"]
[EventDate "2017.12.29"]

1. Nf3 b6 2. g3 Bb7 3. Bg2 g6 4. O-O Bg7 5. d4 Nf6 6. c4 O-O 7. Bf4 e6 8. Qc2
Na6 9. Nc3 d5 10. Ne5 c5 11. dxc5 bxc5 12. Rfd1 Qe7 13. Qa4 d4 14. Nb5 Bxg2 15.
Kxg2 Qb7+ 16. f3 Nh5 17. Nd3 Nxf4+ 18. Nxf4 Rfd8 19. Nd3 Qc6 20. Nc3 Qb6 21. Ne4
f5 22. Nef2 Rab8 23. a3 e5 24. b4 Re8 25. Rab1 cxb4 26. axb4 e4 27. c5 Qb5 28.
Qa2+ Kh8 29. fxe4 fxe4 30. Nf4 Nxb4 31. Qxa7 Qc6 32. Kg1 Bf8 33. Qa1 Bg7 34. Qa7
Rb7 35. Qa5 Reb8 36. Rb3 Rb5 37. Qa4 Qxc5 38. Nxe4 Qb6 39. Nf2 g5 40. N4d3 Nd5
41. Rxb5 Qxb5 42. Qxb5 Rxb5 43. Ra1 h6 44. Kg2 Ne3+ 45. Kf3 Rf5+ 46. Ke4 Rf8 47.
Ra7 Re8+ 48. Kf3 Rf8+ 49. Ke4 Re8+ 50. Kf3 Nc4 51. Ne4 Kg8 52. h3 Rf8+ 53. Kg4
Re8 54. Ndc5 Ne5+ 55. Kh5 Kh8 56. Nd6 Rf8 57. Ne6 Rg8 58. Nf5 Bf6 59. Nxh6 Re8
60. Nxg5 Bg7 61. Nf5 Bf6 62. Rh7+ Kg8 63. Nh6+ Kf8 64. Ra7 Bxg5 65. Kxg5 Re6 66.
Nf5 Nf7+ 67. Kf4 Rxe2 68. Ra8+ Re8 69. Rxe8+ Kxe8 70. Nxd4 Ke7 71. Nf5+ Kf6 72.
h4 Kg6 73. g4 Kf6 74. Ne3 Kg6 75. Nd5 Nd6 76. Ne7+ Kf6 77. Nd5+ Kg6 78. Ke5 Nf7+
79. Ke4 Nd6+ 80. Kf4 Nf7 81. h5+ Kg7 82. g5 Nd8 83. Kf5 Nf7 84. Nf4 Nd6+ 85. Ke6
Nf7 86. Kf5 Nd6+ 87. Kg4 Ne4 88. Nd5 Nd6 89. h6+ Kf7 90. Kh5 Ne4 91. g6+ Kf8 92.
Kg4 Nd6 93. Kg5 Ne4+ 94. Kf5 Ng3+ 95. Ke6 Nh5 96. Nf6 Nf4+ 97. Kf5 Ne6 98. h7
Nd4+ 99. Ke5 Nf3+ 100. Ke4 1-0

[Event "Mondiale Lampo FIDE 2017"]
[Site "Riyadh"]
[Date "30.12.2017"]
[Round "14.34"]
[White "Adly, Ahmed"]
[Black "Zhigalko, Sergei"]
[Result "1-0"]
[WhiteTitle "GM"]
[BlackTitle "GM"]
[WhiteElo "2637"]
[BlackElo "2641"]
[WhiteFideId "10601619"]
[BlackFideId "13502956"]
[EventDate "2017.12.29"]

1. Nf3 d5 2. g3 c6 3. Bg2 Bg4 4. O-O e6 5. b3 Nf6 6. Bb2 Be7 7. c4 O-O 8. d3
Nbd7 9. Nbd2 a5 10. a3 Qb6 11. Qc2 Rfd8 12. Bc3 Bh5 13. Rfb1 h6 14. h3 Bg6 15.
b4 axb4 16. axb4 Rxa1 17. Rxa1 Qc7 18. Qb2 Ne8 19. b5 Bf6 20. Bxf6 Nexf6 21.
bxc6 bxc6 22. Ra6 Nc5 23. Ra3 Nfd7 24. Nd4 Rb8 25. Qa1 e5 26. Ra7 Qb6 27. cxd5
exd4 28. dxc6 Nf8 29. Nc4 Qb4 30. c7 Rc8 31. Qxd4 Nfe6 32. Qd6 Qe1+ 33. Bf1 Kh7
34. Ne5 Nb3 35. Nf3 Qc1 36. Qb6 Nd2 37. Nxd2 Qxd2 38. Qb8 Rxc7 39. Rxc7 Nxc7 40.
Qxc7 Qd1 41. Qf4 Qb1 42. Kg2 Qb7+ 43. Qf3 Qc7 44. Kh2 Qe5 45. Bg2 Qb2 46. Qe3
Qb1 47. Be4 Bxe4 48. Qxe4+ g6 49. Qe7 Kg7 50. Kg2 Qc2 51. Qe5+ Kg8 52. d4 h5 53.
d5 Kf8 54. d6 Qc6+ 55. e4 Kg8 56. Qe7 1-0

[Event "Mondiale Lampo FIDE 2017"]
[Site "Riyadh"]
[Date "30.12.2017"]
[Round "14.35"]
[White "Alekseev, Evgeny"]
[Black "Sjugirov, Sanan"]
[Result "1/2-1/2"]
[WhiteTitle "GM"]
[BlackTitle "GM"]
[WhiteElo "2616"]
[BlackElo "2650"]
[WhiteFideId "4138147"]
[BlackFideId "4189302"]
[EventDate "2017.12.29"]

1. e4 e5 2. Nf3 Nc6 3. Bc4 Bc5 4. O-O Nf6 5. d3 O-O 6. Bb3 a6 7. c3 d6 8. h3 Ba7
9. Re1 Ne7 10. Nbd2 Ng6 11. Nf1 c6 12. Ng3 Re8 13. d4 h6 14. Bc2 Qc7 15. Be3 Bd7
16. Qd2 c5 17. Rad1 cxd4 18. cxd4 Rac8 19. Bb1 b5 20. Bxh6 exd4 21. Bg5 Nh7 22.
Nf5 Bxf5 23. exf5 Ne5 24. Nxe5 dxe5 25. f6 g6 26. Bh4 Qd6 27. Qh6 Qf8 28. Qd2
Re6 29. a3 Bb8 30. Ba2 Rec6 31. Qd3 Qh6 32. Bg3 Nxf6 33. Bxe5 Bxe5 34. Rxe5 Rc1
35. Ree1 Rxd1 36. Rxd1 Rd8 37. Re1 Rd7 38. Bb3 Kg7 39. Kf1 Qf4 40. Kg1 Qg5 41.
g3 a5 42. Kg2 a4 43. Ba2 Qc5 44. Re2 Qc6+ 45. Kh2 Qc1 46. Bb1 Qc5 47. Ba2 Qc6
48. Bb1 Qd5 49. Bc2 Rc7 50. Kg1 Qc5 51. Rd2 Qe5 52. Re2 Qd5 53. Kh2 Nd7 54. Qe4
Qd6 55. Rd2 Nf6 56. Qf3 Qe5 57. Bd3 Rc5 58. Re2 Qd6 1/2-1/2

[Event "Mondiale Lampo FIDE 2017"]
[Site "Riyadh"]
[Date "30.12.2017"]
[Round "14.36"]
[White "Adhiban, Baskaran"]
[Black "Sargissian, Gabriel"]
[Result "1-0"]
[WhiteTitle "GM"]
[BlackTitle "GM"]
[WhiteElo "2655"]
[BlackElo "2672"]
[WhiteFideId "5018471"]
[BlackFideId "13300881"]
[EventDate "2017.12.29"]

1. f4 d5 2. Nf3 Nf6 3. e3 g6 4. Be2 Bg7 5. O-O O-O 6. d3 c5 7. Nc3 Nc6 8. Ne5
Qc7 9. Nxc6 Qxc6 10. Bf3 Rd8 11. Qe2 c4 12. dxc4 Qxc4 13. Qxc4 dxc4 14. e4 Be6
15. Be3 Ng4 16. Bxg4 Bxg4 17. Nd5 e6 18. Nc3 b5 19. h3 b4 20. Na4 Be2 21. Rfe1
c3 22. Rxe2 cxb2 23. Rb1 Rac8 24. Nxb2 Rc3 25. e5 Rdc8 26. Nd3 a5 27. Rb3 Rxc2
28. Rxc2 Rxc2 29. a3 Ra2 30. axb4 a4 31. Rc3 h5 32. b5 Ra1+ 33. Rc1 Ra3 34. b6
Rb3 35. Nc5 Rxb6 36. Nxa4 Rb3 37. Rc3 Rb4 38. Rc8+ Kh7 39. Nc5 Rc4 40. Kf2 g5
41. fxg5 Bxe5 42. Kf3 Rc3 43. Rd8 Kg6 44. Rd3 Rc4 45. Nd7 Bg7 46. g3 h4 47. g4
Ra4 48. Rb3 Ra1 49. Bf2 Rd1 50. Nc5 Be5 51. Bxh4 Rh1 52. Kg2 Rh2+ 53. Kf1 Rh1+
54. Ke2 Rh2+ 55. Kd1 Rh1+ 56. Ke2 Rh2+ 57. Bf2 Rxf2+ 58. Kxf2 Bd4+ 59. Kf3 Bxc5
60. h4 Bd6 61. Rb5 Kg7 62. h5 Ba3 63. Rb7 Kg8 64. g6 fxg6 65. hxg6 Bc1 66. Ke4
Bd2 67. Ke5 Bc3+ 68. Kxe6 Bd4 69. Kf5 Be3 70. g7 Kh7 71. Kf6 Bd4+ 72. Kf5 Bxg7
73. Rxg7+ Kxg7 74. Ke4 1-0

[Event "Mondiale Lampo FIDE 2017"]
[Site "Riyadh"]
[Date "30.12.2017"]
[Round "14.37"]
[White "Bosiocic, Marin"]
[Black "Nguyen, Ngoc Truong Son"]
[Result "0-1"]
[WhiteTitle "GM"]
[BlackTitle "GM"]
[WhiteElo "2624"]
[BlackElo "2630"]
[WhiteFideId "14507927"]
[BlackFideId "12401110"]
[EventDate "2017.12.29"]

1. d4 d5 2. Bg5 Nf6 3. e3 c5 4. Nd2 Nc6 5. c3 cxd4 6. exd4 Bf5 7. Ngf3 e6 8. Be2
h6 9. Bf4 Bd6 10. Bxd6 Qxd6 11. O-O O-O 12. Re1 Rab8 13. a4 Ne4 14. Bf1 Rfc8 15.
Nxe4 Bxe4 16. Nd2 Bg6 17. Nb3 b6 18. Nc1 Na5 19. Bd3 Bxd3 20. Nxd3 Nc6 21. Re3
Qe7 22. Qe2 Rc7 23. Re1 Qf6 24. Rf3 Qg6 25. Rg3 Qf6 26. Qh5 b5 27. axb5 Rxb5 28.
h4 Rcb7 29. Ree3 Ne7 30. Rh3 Nf5 31. Re2 a5 32. Qg4 Ne7 33. Rf3 Qg6 34. Qh3 a4
35. Kh2 Nc6 36. Nf4 Qb1 37. Nd3 Rxb2 38. Nxb2 Rxb2 39. Rxe6 fxe6 40. Qxe6+ Kh7
41. Qxc6 a3 42. Rf8 Rb8 43. Rxb8 Qxb8+ 44. g3 a2 45. Qa6 Qb1 0-1

[Event "Mondiale Lampo FIDE 2017"]
[Site "Riyadh"]
[Date "30.12.2017"]
[Round "14.38"]
[White "Kovalev, Vladislav"]
[Black "Volokitin, Andrei"]
[Result "0-1"]
[WhiteTitle "GM"]
[BlackTitle "GM"]
[WhiteElo "2639"]
[BlackElo "2628"]
[WhiteFideId "13504398"]
[BlackFideId "14107090"]
[EventDate "2017.12.29"]

1. e4 c5 2. Be2 Nc6 3. d3 e6 4. f4 d5 5. Nf3 Bd6 6. O-O Nge7 7. c3 f6 8. Na3 a6
9. Nc2 Qc7 10. g3 O-O 11. Be3 b6 12. Qd2 Bb7 13. Rae1 Rad8 14. Bd1 e5 15. f5 c4
16. dxc4 dxe4 17. Nh4 Bc5 18. Qf2 Na5 19. b3 Rd3 20. Bxc5 bxc5 21. Re3 Rfd8 22.
Be2 Rd2 23. Rc1 Nac6 24. Qe1 Qa5 25. a3 Qb6 26. Na1 Ra2 27. Bf1 Rdd2 28. Re2
Rxe2 29. Bxe2 Nd4 30. Bd1 Nf3+ 31. Nxf3 exf3 32. Qe3 f2+ 33. Kf1 Qc6 34. Bf3
Qxf3 35. Qxf3 Bxf3 36. Nc2 Nxf5 37. b4 Be4 38. Kxf2 Bxc2 39. b5 axb5 40. cxb5
Bd3+ 41. Ke1 Bxb5 42. Rb1 Bd3 43. Rb7 Ne3 0-1

[Event "Mondiale Lampo FIDE 2017"]
[Site "Riyadh"]
[Date "30.12.2017"]
[Round "14.39"]
[White "Dobrov, Vladimir"]
[Black "Short, Nigel D"]
[Result "1-0"]
[WhiteTitle "GM"]
[BlackTitle "GM"]
[WhiteElo "2515"]
[BlackElo "2678"]
[WhiteFideId "4136594"]
[BlackFideId "400025"]
[EventDate "2017.12.29"]

1. Nf3 d5 2. e3 Nf6 3. c4 e6 4. b3 Be7 5. Bb2 O-O 6. Nc3 c5 7. cxd5 exd5 8. d4
Nc6 9. Be2 a6 10. O-O Be6 11. dxc5 Bxc5 12. Qd3 h6 13. Rad1 Qe7 14. Qb1 Rac8 15.
Qa1 Ba3 16. Na4 Bxb2 17. Qxb2 Rfd8 18. Rc1 Ne4 19. Rfd1 b5 20. Nc3 Qf6 21. Bd3
b4 22. Na4 Qxb2 23. Nxb2 Nc3 24. Rd2 a5 25. Ra1 g5 26. h3 Kg7 27. Bf1 Bf5 28.
Nd4 Bg6 29. Ba6 Rc7 30. Nxc6 Rxc6 31. Bd3 d4 32. Bxg6 Kxg6 33. exd4 Rxd4 34.
Rxd4 Ne2+ 35. Kf1 Nxd4 36. Nc4 a4 37. Ne5+ 1-0

[Event "Mondiale Lampo FIDE 2017"]
[Site "Riyadh"]
[Date "30.12.2017"]
[Round "14.40"]
[White "Onischuk, Vladimir"]
[Black "Sanal, Vahap"]
[Result "1-0"]
[WhiteTitle "GM"]
[BlackTitle "GM"]
[WhiteElo "2637"]
[BlackElo "2551"]
[WhiteFideId "14114038"]
[BlackFideId "6300545"]
[EventDate "2017.12.29"]

1. e4 e5 2. Nf3 Nc6 3. Bc4 Nf6 4. d3 Bc5 5. O-O O-O 6. Nbd2 a6 7. Bb3 h6 8. c3
Re8 9. h3 d6 10. Re1 Ba7 11. Nf1 Be6 12. Bc2 d5 13. exd5 Nxd5 14. Ng3 Qd6 15.
Nh4 Qd7 16. Qf3 Nde7 17. Nh5 Ng6 18. Qg3 Qe7 19. Nxg6 fxg6 20. Qxg6 Rf8 21. d4
e4 22. Rxe4 Rae8 23. Rxe6 1-0

[Event "Mondiale Lampo FIDE 2017"]
[Site "Riyadh"]
[Date "30.12.2017"]
[Round "14.41"]
[White "Kasimdzhanov, Rustam"]
[Black "Salgado Lopez, Ivan"]
[Result "1-0"]
[WhiteTitle "GM"]
[BlackTitle "GM"]
[WhiteElo "2683"]
[BlackElo "2644"]
[WhiteFideId "14200244"]
[BlackFideId "2257327"]
[EventDate "2017.12.29"]

1. e4 c6 2. d4 d5 3. exd5 cxd5 4. Bd3 Nc6 5. c3 Nf6 6. h3 g6 7. Bg5 Bg7 8. Nd2
Bf5 9. Bxf5 gxf5 10. Bxf6 Bxf6 11. Ne2 Qc7 12. Nf3 Rg8 13. g3 O-O-O 14. Qd3 e6
15. O-O-O Kb8 16. Kb1 Na5 17. Nc1 Nc4 18. Qe2 Rd6 19. Nd2 Nb6 20. Nd3 Rc8 21. g4
Na4 22. Rc1 f4 23. Qf3 Rb6 24. Nb3 Be7 25. Qxf4 Bd6 26. Qd2 a5 27. Rc2 Rb5 28.
Qe2 Nb6 29. Ne5 Nc4 30. Nxc4 dxc4 31. Nd2 a4 32. Rhc1 a3 33. b4 cxb3 34. Qxb5
bxc2+ 35. Rxc2 Bf4 36. Ne4 e5 37. d5 f5 38. gxf5 Rg8 39. Ng3 Bxg3 40. fxg3 Rxg3
41. Qe8+ Ka7 42. Qa4+ Kb8 43. Qxa3 Rg1+ 44. Kb2 Qd7 45. Qf8+ Ka7 46. Qc5+ 1-0

[Event "Mondiale Lampo FIDE 2017"]
[Site "Riyadh"]
[Date "30.12.2017"]
[Round "14.42"]
[White "Kokarev, Dmitry"]
[Black "Howell, David W L"]
[Result "0-1"]
[WhiteTitle "GM"]
[BlackTitle "GM"]
[WhiteElo "2615"]
[BlackElo "2676"]
[WhiteFideId "4132181"]
[BlackFideId "410608"]
[EventDate "2017.12.29"]

1. e4 c6 2. Nc3 d5 3. g3 dxe4 4. Nxe4 Nf6 5. Nxf6+ exf6 6. Nf3 Bd6 7. Qe2+ Be7
8. Bg2 O-O 9. O-O Na6 10. Re1 Bd6 11. d4 Be6 12. c4 Re8 13. b3 Qd7 14. Bb2 Bb4
15. Red1 Bf5 16. Qf1 Nc7 17. h3 a5 18. Nh4 Bc2 19. Rdc1 Be4 20. a3 Bf8 21. Re1
Bc2 22. Rec1 Bxb3 23. a4 c5 24. Qd3 Bxa4 25. Qa3 b5 26. dxc5 Ra6 27. Nf3 Ne6 28.
cxb5 Bxb5 29. Rc2 Bc6 30. Rac1 Qb7 31. Bf1 Raa8 32. Nh4 Ng5 33. Ba1 Re4 34. Rb1
Qxb1 0-1

[Event "Mondiale Lampo FIDE 2017"]
[Site "Riyadh"]
[Date "30.12.2017"]
[Round "14.43"]
[White "Saric, Ivan"]
[Black "Dervishi, Erald"]
[Result "1-0"]
[WhiteTitle "GM"]
[BlackTitle "GM"]
[WhiteElo "2669"]
[BlackElo "2552"]
[WhiteFideId "14508150"]
[BlackFideId "4700236"]
[EventDate "2017.12.29"]

1. e4 e5 2. Nf3 Nc6 3. Bb5 a6 4. Ba4 Nf6 5. O-O Be7 6. Re1 b5 7. Bb3 d6 8. c3
O-O 9. h3 Bb7 10. d4 Re8 11. Nbd2 Bf8 12. a4 g6 13. Ng5 Re7 14. Ndf3 h6 15. Nxf7
Rxf7 16. axb5 axb5 17. Rxa8 Bxa8 18. dxe5 dxe5 19. Bxf7+ Kxf7 20. Nxe5+ Kg7 21.
Bxh6+ Kg8 22. Qb3+ Nd5 23. Nxc6 Bxc6 24. Bxf8 1-0

[Event "Mondiale Lampo FIDE 2017"]
[Site "Riyadh"]
[Date "30.12.2017"]
[Round "14.44"]
[White "Eljanov, Pavel"]
[Black "Tregubov, Pavel V."]
[Result "1-0"]
[WhiteTitle "GM"]
[BlackTitle "GM"]
[WhiteElo "2711"]
[BlackElo "2575"]
[WhiteFideId "14102951"]
[BlackFideId "4115341"]
[EventDate "2017.12.29"]

1. c4 Nf6 2. Nc3 e5 3. Nf3 Nc6 4. g3 Bc5 5. Bg2 d6 6. O-O O-O 7. e3 a6 8. a3 h6
9. b4 Ba7 10. d3 Bf5 11. Bb2 Qd7 12. Qc2 Ne7 13. Ne4 Nh7 14. c5 Rac8 15. Rac1
Ng6 16. Rfd1 d5 17. Ned2 Rfe8 18. e4 Bg4 19. exd5 Qxd5 20. Nxe5 Bxd1 21. Bxd5
Bxc2 22. Bxf7+ Kf8 23. Bxg6 Red8 24. Rxc2 Ng5 25. h4 Ne6 26. Bf5 Re8 27. Nb3
Rcd8 28. f4 c6 29. Na5 Nd4 30. Bxd4 Rxd4 31. Nxb7 Bb8 32. Nxc6 Rd5 33. Be4 Rd7
34. Nxb8 1-0

[Event "Mondiale Lampo FIDE 2017"]
[Site "Riyadh"]
[Date "30.12.2017"]
[Round "14.45"]
[White "Meier, Georg"]
[Black "Fedorchuk, Sergey A."]
[Result "0-1"]
[WhiteTitle "GM"]
[BlackTitle "GM"]
[WhiteElo "2650"]
[BlackElo "2648"]
[WhiteFideId "4675789"]
[BlackFideId "14102536"]
[EventDate "2017.12.29"]

1. Nf3 Nf6 2. g3 b5 3. Bg2 Bb7 4. O-O c5 5. Na3 Qb6 6. d4 e6 7. c4 b4 8. Nc2 Be7
9. a3 Na6 10. Be3 O-O 11. dxc5 Bxc5 12. Bxc5 Qxc5 13. Qd4 b3 14. Nb4 Rac8 15.
Nxa6 Bxa6 16. Rfc1 Bxc4 17. Rc3 d5 18. Rac1 Nd7 19. Qd2 Qb6 20. Nd4 Nc5 21. Qf4
Rfe8 22. Qh4 h6 23. g4 Na4 24. Rg3 Qxd4 0-1

[Event "Mondiale Lampo FIDE 2017"]
[Site "Riyadh"]
[Date "30.12.2017"]
[Round "14.46"]
[White "Ibrahimov, Rasul"]
[Black "Anton Guijarro, David"]
[Result "0-1"]
[WhiteTitle "GM"]
[BlackTitle "GM"]
[WhiteElo "2518"]
[BlackElo "2666"]
[WhiteFideId "13400495"]
[BlackFideId "2285525"]
[EventDate "2017.12.29"]

1. Nf3 Nf6 2. c4 b6 3. g3 Bb7 4. Bg2 e6 5. O-O Be7 6. Nc3 O-O 7. Re1 Bb4 8. Qc2
Bxc3 9. bxc3 d6 10. e4 h6 11. a4 a5 12. Nd4 Nfd7 13. d3 Qe7 14. f4 Nc5 15. Bd2
Nc6 16. Rf1 Nxd4 17. cxd4 Na6 18. d5 e5 19. f5 f6 20. Bf3 Bc8 21. Be3 Bd7 22. g4
Kf7 23. h4 Ke8 24. Rf2 Kd8 25. Rg2 Kc8 26. Rb1 Kb7 27. Qd2 Bxa4 28. Qxa5 Nc5 29.
Qc3 Ra6 30. Rgb2 Rfa8 31. Kf2 Bd7 32. Rb4 Ra3 33. R4b3 Rxb3 34. Rxb3 Nxb3 35.
Qxb3 Be8 36. d4 exd4 37. Bxd4 Kc8 38. Kg3 Qd7 39. g5 hxg5 40. hxg5 fxg5 41. Qe3
Qe7 42. Kg4 Kb7 43. Qxg5 Qf7 44. Qxg7 0-1

[Event "Mondiale Lampo FIDE 2017"]
[Site "Riyadh"]
[Date "30.12.2017"]
[Round "14.47"]
[White "Potkin, Vladimir"]
[Black "Moiseenko, Alexander"]
[Result "0-1"]
[WhiteTitle "GM"]
[BlackTitle "GM"]
[WhiteElo "2574"]
[BlackElo "2667"]
[WhiteFideId "4131061"]
[BlackFideId "14102560"]
[EventDate "2017.12.29"]

1. d4 Nf6 2. c4 e6 3. Nf3 Bb4+ 4. Nbd2 O-O 5. a3 Be7 6. e4 d6 7. Be2 Nfd7 8. Nb1
e5 9. d5 a5 10. Nc3 Nc5 11. Be3 Nba6 12. b4 Nd7 13. O-O g6 14. Qb3 f5 15. c5 f4
16. Bd2 Kh8 17. cxd6 cxd6 18. Nb5 g5 19. Ne1 Nf6 20. f3 g4 21. Nc2 Rg8 22. Kh1
g3 23. Ncd4 exd4 24. Bxf4 Nh5 25. hxg3 Rxg3 26. Bxg3 Nxg3+ 27. Kh2 Nxe2 28. Qb2
Nf4 29. Qxd4+ Bf6 30. Qd2 Be5 31. g3 Qg5 32. Rac1 Qh6+ 0-1

[Event "Mondiale Lampo FIDE 2017"]
[Site "Riyadh"]
[Date "30.12.2017"]
[Round "14.48"]
[White "Rakhmanov, Aleksandr"]
[Black "McShane, Luke J"]
[Result "1-0"]
[WhiteTitle "GM"]
[BlackTitle "GM"]
[WhiteElo "2653"]
[BlackElo "2640"]
[WhiteFideId "4173708"]
[BlackFideId "404853"]
[EventDate "2017.12.29"]

1. c4 c6 2. d4 d5 3. cxd5 cxd5 4. Bf4 Nc6 5. e3 Nf6 6. Nc3 a6 7. Be2 e6 8. Nf3
Be7 9. Ne5 Bd7 10. O-O O-O 11. Bd3 Rc8 12. Qf3 Be8 13. Qh3 Kh8 14. Rac1 g6 15.
Bh6 Rg8 16. f4 Nd7 17. a3 Na5 18. Rc2 Nc4 19. Bxc4 dxc4 20. Ne4 f5 21. Ng5 Nxe5
22. dxe5 Bxg5 23. Bxg5 Qd5 24. Bf6+ Rg7 25. Rcc1 Ba4 26. Qf3 Qd7 27. Qe2 b5 28.
Rf2 Rd8 29. h3 Kg8 30. Bxg7 Kxg7 31. Qe1 Bb3 32. Kh2 Qd3 33. Qb4 Rd7 34. Re1 Qd5
35. Ree2 Qe4 36. Rd2 Rf7 37. Qc5 Ba2 38. Rd6 Kh6 39. Rxe6 c3 40. Rf6 cxb2 41.
Rxb2 Rd7 42. Rxa2 Qb1 43. Qc2 Qe1 44. Qf2 Qb1 45. Qh4+ Kg7 46. Rf2 Rd1 47. Rd6
Rh1+ 48. Kg3 Qg1 49. Rd7+ 1-0

[Event "Mondiale Lampo FIDE 2017"]
[Site "Riyadh"]
[Date "30.12.2017"]
[Round "14.49"]
[White "Al-Sayed, Mohammed"]
[Black "Riazantsev, Alexander"]
[Result "0-1"]
[WhiteTitle "GM"]
[BlackTitle "GM"]
[WhiteElo "2511"]
[BlackElo "2650"]
[WhiteFideId "12100196"]
[BlackFideId "4125029"]
[EventDate "2017.12.29"]

1. d4 Nf6 2. c3 d5 3. Bg5 Nbd7 4. Nd2 e6 5. e3 Be7 6. Bd3 b6 7. f4 Bb7 8. Ngf3
h6 9. Bxf6 gxf6 10. e4 dxe4 11. Bxe4 c6 12. f5 Rg8 13. Qe2 Qc7 14. Bc2 e5 15.
dxe5 fxe5 16. O-O-O O-O-O 17. Kb1 f6 18. Bb3 Rg7 19. Ne4 Kb8 20. Rd2 Nc5 21.
Nxc5 Bxc5 22. Rxd8+ Qxd8 23. Rd1 Rd7 24. Rxd7 Qxd7 25. Be6 Qd8 26. Nd2 Be7 27.
Kc2 a5 28. Qd3 Qxd3+ 29. Kxd3 Kc7 30. a4 b5 31. b3 Ba6 32. Kc2 Bd8 33. c4 bxa4
34. bxa4 Be7 35. Ne4 Kd8 36. Kb3 Ke8 37. g4 Kf8 38. Ng3 Bc5 39. Ne4 Be7 40. Bd7
Bb7 41. Be6 Ba6 42. Nd2 Bb4 43. Ne4 Ke7 44. Ng3 Be1 45. Ne4 Bb4 46. Ng3 Bc5 47.
Ne4 Bd4 48. h3 Bb7 49. Ng3 Bb6 50. Ne4 Be3 51. Nc3 Bg1 52. Ne4 Ba6 53. Ng3 Kf8
54. Ne4 Ke7 55. Ng3 Bb6 56. Ne4 Bb7 57. Nc3 Bd4 58. Ne4 Be3 59. Ng3 Bc5 60. Ne4
Bb4 61. Ng3 Kf8 62. Ne4 Be7 63. Kc3 Kg7 64. Ng3 Ba6 65. Kb3 Bc5 66. Bd7 Bb7 67.
Be6 Be7 68. Nh5+ Kf8 69. Ng3 Bd8 70. Ne4 Be7 71. Nc3 h5 72. gxh5 Kg7 73. h4 Bc5
74. Ne4 Bb4 75. Nf2 Be7 76. Ng4 Kh7 77. Bf7 c5 78. h6 Bf3 79. Bg6+ Kh8 80. Ne3
Bd8 81. Nd5 Bd1+ 82. Ka3 Be2 83. Kb3 Bd1+ 84. Ka3 Be2 85. Ne3 e4 86. Kb3 Bc7 87.
Nd5 Be5 88. h7 Bd1+ 89. Ka3 Bf3 90. Ne3 Bd4 91. Nc2 e3 92. Kb3 e2 93. Ka3 Bc3
94. Bf7 Be4 0-1

[Event "Mondiale Lampo FIDE 2017"]
[Site "Riyadh"]
[Date "30.12.2017"]
[Round "14.50"]
[White "Almasi, Zoltan"]
[Black "El Adnani, Mokliss"]
[Result "1-0"]
[WhiteTitle "GM"]
[BlackTitle "IM"]
[WhiteElo "2682"]
[BlackElo "2448"]
[WhiteFideId "702293"]
[BlackFideId "9000410"]
[EventDate "2017.12.29"]

1. e4 c5 2. Nf3 d6 3. d4 cxd4 4. Nxd4 Nf6 5. Nc3 g6 6. Be3 Bg7 7. f3 Nc6 8. Qd2
Bd7 9. O-O-O h5 10. Kb1 Rc8 11. Be2 a6 12. g3 Ne5 13. h3 b5 14. g4 b4 15. Nd5
Nxd5 16. exd5 a5 17. Bg5 Qb6 18. f4 f6 19. fxe5 dxe5 20. Ne6 Bxe6 21. dxe6 Qxe6
22. Bb5+ Kf7 23. Bd7 Qa6 24. Bxc8 Rxc8 25. Be3 h4 26. Qd5+ Kf8 27. Bc5 Qc6 28.
Qxc6 Rxc6 29. Be3 f5 30. Bg5 e4 31. Rd7 Re6 32. Rf1 Re5 33. gxf5 gxf5 34. Bf4
Rc5 35. Be3 Rb5 36. Bg5 Re5 37. Bxh4 e6 38. Rg1 Bh6 39. Rg6 Bf4 40. Rgg7 e3 41.
Rh7 Kg8 42. Bf6 e2 43. Rh8# 1-0

[Event "Mondiale Lampo FIDE 2017"]
[Site "Riyadh"]
[Date "30.12.2017"]
[Round "14.51"]
[White "Demchenko, Anton"]
[Black "Halkias, Stelios"]
[Result "1-0"]
[WhiteTitle "GM"]
[BlackTitle "GM"]
[WhiteElo "2660"]
[BlackElo "2571"]
[WhiteFideId "4160258"]
[BlackFideId "4201809"]
[EventDate "2017.12.29"]

1. e4 e5 2. Nf3 Nc6 3. Bc4 Nf6 4. d3 Be7 5. O-O d6 6. a4 O-O 7. h3 Kh8 8. a5 a6
9. Re1 Ng8 10. Nc3 f5 11. Nd5 fxe4 12. dxe4 Bf6 13. Ra3 Nce7 14. Nxf6 Nxf6 15.
Nh4 Qe8 16. Rf3 Ng6 17. Bg5 Nxh4 18. Bxh4 Be6 19. Bd3 Nd7 20. b4 Rxf3 21. Qxf3
Nf8 22. Bg5 Ng6 23. Rb1 c6 24. Rd1 h6 25. Be3 Qe7 26. Qg3 Kh7 27. c3 Rf8 28. Bf1
Rf6 29. Kh2 Bc8 30. f3 Nf8 31. Qf2 Rg6 32. c4 Ne6 33. c5 dxc5 34. bxc5 Nf4 35.
g3 Ne6 36. Rd6 Rf6 37. Qe2 Qc7 38. Bg2 Qxa5 39. Qb2 Nxc5 40. Qxe5 Nb3 41. Qxa5
Nxa5 42. Rd8 Be6 43. f4 Rf7 44. f5 Bc4 45. g4 b5 46. e5 Re7 47. e6 Nb7 48. Rb8
Bxe6 49. fxe6 Rxe6 50. Bf4 Nc5 51. Rc8 Nd3 52. Bg3 Re2 53. Kg1 c5 54. Bf1 Rd2
55. Bg2 Kg6 56. Rc6+ Kf7 57. Bd5+ Ke7 58. Rc7+ Kf6 59. Rf7+ Kg6 60. Rf3 Rd1+ 61.
Kg2 Ne1+ 62. Bxe1 Rxe1 63. Ra3 Re5 64. Rxa6+ Kg5 65. Rd6 c4 66. Kg3 Re3+ 67. Bf3
b4 68. h4# 1-0